Las habilidades básicas para el contexto de una nueva educación infantil
Uloženo v:
| Hlavní autor: | |
|---|---|
| Médium: | Kniha |
| Jazyk: | španělština |
| Vydáno: |
Madrid
Cincel
1993
|
| Edice: | Colección Investigación y Formación del Profesorado, 6
|
| Témata: | |
| Tagy: |
Přidat tag
Žádné tagy, Buďte první, kdo vytvoří štítek k tomuto záznamu!
|
MARC
| LEADER | 00000nam a2200000 a 4500 | ||
|---|---|---|---|
| 001 | UCL0846 | ||
| 003 | CL-VaPUC | ||
| 008 | 030825e19930000SP |||||||||||||||||spa|d | ||
| 020 | |a 8470465015 | ||
| 082 | 0 | 4 | |a 370.71 |b MED |2 21 |
| 100 | |a Medina Rivilla, Antonio |e autor |9 570679 | ||
| 245 | 1 | 4 | |a Las habilidades básicas para el contexto de una nueva educación infantil |
| 300 | |a 262 p | ||
| 942 | |c BK | ||
| 945 | |d 20030825 00:00:00 |a cmena | ||
| 260 | |a Madrid |b Cincel |c 1993 | ||
| 650 | 0 | |a Docentes |9 311365 | |
| 650 | 7 | |a DOCENCIA |2 CL-VaPUC |9 477565 | |
| 650 | 0 | |a Formación de docentes |9 329378 | |
| 650 | 7 | |a EDUCACION INFANTIL |2 CL-VaPUC |9 477566 | |
| 650 | 7 | |a CURRICULO DE FORMACION DE DOCENTES |2 CL-VaPUC |9 335023 | |
| 650 | 0 | |a Investigación educacional |9 261192 | |
| 583 | |a last modification |c 20030825 00:00:00 |k Rodrigo Vera | ||
| 490 | 0 | |a Colección Investigación y Formación del Profesorado, 6 | |
| 999 | |c 304573 |d 304571 | ||
| 952 | |0 0 |1 0 |4 0 |6 370_710000000000000_MED_1993 |7 0 |8 A |9 367012 |a BIBEDU |b BIBEDU |c ES_NOD |d 2019-11-21 |i 3932419 |o 370.71 MED 1993 |p 3932419 |r 2023-08-09 |w 2019-11-21 |y BK |k EPE | ||
| 952 | |0 0 |1 0 |4 0 |6 370_710000000000000_MED_1993 |7 0 |8 A |9 367013 |a BIBEDU |b BIBEDU |c ES_NOD |d 2019-11-21 |i 4031067 |o 370.71 MED 1993 |p 4031067 |r 2023-08-09 |w 2019-11-21 |y BK |k PAR | ||